| 000 | 00613cam a2200217ua 4500 | ||
|---|---|---|---|
| 001 | 9902 | ||
| 008 | 161019n ii |||gr||||Z||||||eng | ||
| 020 | _a9788191068962 | ||
| 040 | _cMAIN | ||
| 041 | _aeng | ||
| 082 | _a342.54 | ||
| 100 |
_aPaul, Kripesh Chandra, _eAuthor. |
||
| 245 |
_aIndian constitution : _bHS first year / _cBy Kripesh Chandra Paul & others . |
||
| 250 | _a27th ed. | ||
| 260 |
_aGuwahati: _bRupalim prakashan, _c2016. |
||
| 300 | _a240p. | ||
| 653 | _aConstitutional & administrative law | ||
| 700 |
_aChakrabarty, Adyanath, _eAuthor. |
||
| 700 |
_aPaul, Nita, _eAuthor. |
||
| 942 | _cBK | ||
| 999 |
_c8911 _d8911 |
||